[Event "Ch Germany (seniors) (team)"]
[Site "masterchessopen.com Rheda (Germany)"]
[Round "7"]
[White "Neese Hans-Joachim (GER)"]
[Black "Beckel Friedrich (GER)"]
[Result "0-1"]
[WhiteElo "2151"]
[BlackElo "2108"]

1.d4 Nf6 2.c4 g6 3.g3 Bg7 4.Bg2 d5 5.cxd5 Nxd5 6.e4 Nb4 7.a3 N4a6 8.Ne2 c5
9.d5 O-O 10.Nbc3 e5 11.O-O Nd7 12.b3 Nb6 13.Be3 Bd7 14.Rc1 Nc8 15.Qd2 Nd6
16.Rc2 Rc8 17.Rfc1 b6 18.h3 Nc7 19.Kh2 Qe7 20.Re1 Rce8 21.a4 a5 22.Nd1 Bc8
23.Nb2 Ba6 24.Rb1 Rb8 25.f3 f5 26.Bg1 h5 27.Nc4 Bxc4 28.bxc4 Qd7 29.Ra1 Na6
30.Rc3 Nb4 31.Nc1 Kh7 32.Nd3 fxe4 33.fxe4 Rf7 34.Be3 Rbf8 35.Nxb4 axb4 36.Rcc1
Ra8 37.a5 Qc8 38.axb6 Rxa1 39.Rxa1 Nxc4 40.Qc1 Nxe3 41.Qxe3 Bh6 42.Qb3 h4
43.d6 hxg3+ 44.Kh1 c4 45.Qxb4 c3 46.Qb3 Rg7 47.Ra2 Be3 48.Bf1 Rb7 49.Kg2 Rxb6
50.Qf7+ Kh6 51.d7 Qb8 52.Rc2 Rb2 53.Bd3 Rxc2+ 54.Bxc2 Bg5 55.Qe8 Qd8 56.Kxg3
Qf6 57.Kg2 Kg7 58.Bb3 Bh4 59.Qg8+ Kh6 60.Qc4 {#R} 0-1

[Event "Ch Yugoslavia"]
[Site "masterchessopen.com Banja Koviljaca (Yugoslavia)"]
[Round "9"]
[White "Ilincic Zlatko (SRB)"]
[Black "Kovacevic Aleksandar (SRB)"]
[Result "1/2-1/2"]
[WhiteElo "2535"]
[BlackElo "2543"]

1.d4 Nf6 2.c4 g6 3.g3 Bg7 4.Bg2 d5 5.cxd5 Nxd5 6.e4 Nb4 7.d5 c6 8.a3 N4a6
9.Nc3 O-O 10.Nf3 cxd5 11.exd5 Nd7 12.O-O Nb6 13.Re1 Nc7 14.Ne5 e6 15.d6 Ncd5
16.Nxd5 Nxd5 17.Bxd5 Qxd6 18.Nxg6 hxg6 19.Bf3 Qb6 20.Re3 Rd8 21.Rd3 Bd4 22.Be3
e5 23.Bxd4 Rxd4 24.Rxd4 exd4 25.Qd2 Be6 26.h4 Rd8 27.h5 Bd5 28.Bxd5 Rxd5
29.hxg6 Qxg6 30.Rd1 Qg4 31.Qd3 Re5 32.Kg2 Rh5 33.Rh1 Rxh1 34.Kxh1 a6 35.Kg2 b5
36.Qf3 Qd7 37.Kf1 Qc8 38.Qd5 Qc1+ 39.Kg2 Qxb2 40.Qg5+ Kf8 {#d} 1/2-1/2

[Event "Ch Yugoslavia"]
[Site "masterchessopen.com Banja Koviljaca (Yugoslavia)"]
[Round "5"]
[White "Ilincic Zlatko (SRB)"]
[Black "Pavlovic Milos (SRB)"]
[Result "1/2-1/2"]
[WhiteElo "2535"]
[BlackElo "2560"]

1.d4 Nf6 2.c4 g6 3.g3 Bg7 4.Bg2 d5 5.cxd5 Nxd5 6.e4 Nb4 7.d5 c6 8.a3 N4a6
9.Nc3 O-O 10.Nge2 cxd5 11.exd5 Nd7 12.O-O Ne5 13.h3 Nc4 14.b3 Nd6 15.Bf4 Bd7
16.Rc1 Qa5 17.a4 Rfc8 18.Bd2 Qd8 19.g4 Rc7 20.Ng3 Nc5 21.Bf4 Rac8 22.Nce4
Ncxe4 23.Rxc7 Qxc7 24.Nxe4 b5 25.a5 Qxa5 26.Nxd6 exd6 27.Bxd6 Qb6 28.Be7 Qd4
29.b4 Qxd1 30.Rxd1 Rc4 31.Bc5 a5 32.Bf1 Rc2 33.d6 a4 34.Bxb5 Bxb5 35.d7 Bxd7
36.Rxd7 h5 37.Ra7 hxg4 38.hxg4 Rc4 39.Rxa4 Rxg4+ 40.Kf1 Kh7 41.Ra7 g5 42.Rxf7
Kg6 43.Rd7 Bc3 44.b5 Rc4 45.Be3 Be5 46.Ke2 Kf5 47.Rd8 g4 48.Rg8 Rb4 49.b6 Ke6
50.Kd3 Kd5 51.Rg5 Rb3+ 52.Kc2 Rb2+ 53.Kc1 Rb4 54.Rg8 Kc6 55.Kc2 Kd5 56.Rg6
Rb2+ 57.Kd3 Rb3+ 58.Ke2 Rb2+ 59.Kf1 Ke4 60.Rxg4+ Kf3 61.Rc4 Bd4 62.Ke1 Bxe3
63.fxe3 Kxe3 64.Rc3+ Kd4 65.Rc6 Kd5 66.Rg6 Kc5 {#d} 1/2-1/2

[Event "Olympiad"]
[Site "masterchessopen.com Bled (Slovenia)"]
[Round "11"]
[White "Motwani Paul (SCO)"]
[Black "Borisek Jure (SLO)"]
[Result "1/2-1/2"]
[WhiteElo "2528"]
[BlackElo "2416"]

1.d4 Nf6 2.c4 g6 3.g3 Bg7 4.Bg2 d5 5.cxd5 Nxd5 6.e4 Nb4 7.d5 c6 8.Ne2 cxd5
9.a3 N4a6 10.exd5 O-O 11.O-O Nd7 12.Nbc3 Ne5 13.h3 Nc4 14.Re1 Bd7 15.Ra2 Rc8
16.Ne4 Qa5 17.N2c3 Bf5 18.b4 Qd8 19.g4 Bxe4 20.Nxe4 Nc7 21.d6 Ne6 22.dxe7 Qxe7
23.Ng5 Ne5 24.Nxe6 Qxe6 25.Rae2 Qc4 26.Bb2 Nd3 27.Bxg7 Kxg7 28.Re4 Qc2 29.Qxc2
Rxc2 30.R1e3 Rd8 31.Bf1 Rc1 32.Kg2 Rd1 33.Bxd3 {#d} 1/2-1/2

[Event "It (cat.16)"]
[Site "masterchessopen.com Essen (Germany)"]
[Round "4"]
[White "Kasimdzhanov Rustam (UZB)"]
[Black "Krasenkow Michal (POL)"]
[Result "0-1"]
[WhiteElo "2676"]
[BlackElo "2633"]

{ Krasenkow Michal (POL) +0 =2 -0 } 1.d4 Nf6 2.c4 g6 3.g3 Bg7 ( 3...c6 4.Bg2
d5 5.cxd5 cxd5 6.Nc3 Bg7 7.e3 O-O 8.Nge2 Nc6 9.O-O b6 10.b3 Ba6 11.Ba3 Qd7
12.Qd2 Rfc8 13.Rfc1 { ...1/2-1/2, Jussupow Artur(2645) - Krasenkow
Michal(2658), Batumi 1999 Ch Europe (team) } ) 4.Bg2 d5 5.cxd5 Nxd5 6.e4 Nb4 {
? } ( 6...Nb6 7.Ne2 c5 8.d5 e6 9.Nbc3 exd5 10.exd5 O-O 11.O-O Na6 12.h3 Nc4
13.b3 Nd6 14.Bf4 b6 15.Qd2 Re8 16.Rad1 { ...0-1, Lputian Smbat G(2607) - Van
Wely Loek(2700), Moscow 2001 Ch World FIDE (KO-system) } ) 7.d5 c6 8.a3 Qa5
9.Nc3 cxd5 10.Be3 { ? } ( 10.Bf4 N4c6 11.exd5 Nd4 12.Nf3 Bg4 13.O-O O-O 14.Re1
Re8 15.Be5 Nxf3+ 16.Bxf3 Bxe5 17.Rxe5 Nd7 18.Re3 Bxf3 19.Qxf3 Rad8 { ...1-0,
Korchnoi Viktor(2635) - Djuric Stefan(2490), Sarajevo 1984 It (cat.12) } )
10...d4 11.axb4 Qd8 { = } 12.Bd2 ( 12.Bxd4 Bxd4 13.Nge2 Bxc3+ 14.Nxc3 Qxd1+
15.Rxd1 Bg4 16.Rc1 Na6 17.Nd5 Bd7 18.O-O Be6 19.Rfd1 Rd8 20.Bf1 Bxd5 21.exd5
Nxb4 { ...1/2-1/2, Lehmann Heinz Dr(2420) - Nei Iivo(2495), Beverwijk 1966 It
"Hoogovens" } ) ( 12.e5 dxc3 13.Qxd8+ Kxd8 14.bxc3 Bxe5 15.Ne2 Nd7 16.O-O a6
17.Rfd1 Kc7 18.Nf4 Bxf4 19.Bxf4+ e5 20.Be3 f5 21.Ra5 Re8 { ...1-0, Goldin
Alexander(2595) - Banas Jan(2348), Trnava 1989 It (cat.8) "Tirnavia" (b) } )
12...dxc3 13.Bxc3 { -0,42 CAP N } ( 13.bxc3 O-O 14.Ne2 Nc6 15.b5 ( 15.Nf4 Ne5
16.O-O Nc4 17.Ra2 e6 18.Qe2 Qc7 19.Rc1 Bd7 20.Be3 Nxe3 21.Qxe3 a5 22.Bf1 Rfc8
{ ...0-1, Timofeev Vladimir F(2280) - Simonov Viktor(2315), Arkhangelsk 1996
Ch Russia (1/2 final) } ) 15...Ne5 16.O-O Bg4 17.f3 Qb6+ 18.Kh1 Bd7 19.Nd4 Nc4
20.Bg5 e5 21.Nf5 Bxb5 22.Nxg7 Ne3 { ...1/2-1/2, Bany Jerzy(2450) - Seger
Ruediger(2392), Cologne 1990 It (open) "Porz" } ) 13...Bxc3+ 14.bxc3 Qc7
15.Ne2 O-O 16.O-O e5 17.Qd3 Be6 18.Qe3 Bc4 19.Rfe1 b6 20.f4 f6 21.f5 g5 22.g4
Nc6 23.Ng3 Rad8 24.Bf1 Qf7 25.Rad1 Bxf1 26.Rxf1 Qc4 27.h4 h6 28.hxg5 hxg5
29.Nh5 Kf7 30.Rxd8 { ?! -0,91 } ( 30.Qh3 { !? } 30...Ke7 31.Rxd8 Nxd8 32.Qe3 {
-0,35 } ) 30...Rxd8 31.Nxf6 { ? -2,26 } ( 31.Rf3 { ! } 31...Qa2 32.Qe1 Qc4
33.Qe3 { -0,91 } ) 31...Kxf6 32.Qh3 Rd3 33.Qh6+ Kf7 34.Qh5+ Ke7 35.Qxg5+ Kd6
36.Qg6+ Kc7 37.f6 { ?! -3,01 } ( 37.Qh7+ { !? } 37...Rd7 38.Qh3 Qxe4 39.Qf3 {
-2,26 } ) 37...Qxc3 38.Qh7+ Rd7 39.f7 Nd4 { ?? +0,04 } ( 39...Nd8 { ! } 40.Qh4
Nxf7 41.Qe1 Qd4+ { -5,01 } ) 40.Qh6 Ne2+ 41.Kg2 { ? -1,13 } ( 41.Kh2 { ! }
41...Rd8 42.Qh4 Rf8 43.Qe7+ { +0,04 } ) 41...Qc2 42.f8=Q Nf4+ 43.Kg3 Qg2+
44.Kh4 Qxf1 45.Qff6 Qh1+ 46.Kg5 Nh3+ 47.Kf5 { ?? -4,01 } ( 47.Kh5 { !? }
47...Nf2+ 48.Qh4 Qf3 49.b5 { -1,13 } ) 47...Qf1+ {#R} 0-1

[Event "Ch Finland (team) 2002/03"]
[Site "masterchessopen.com Finland"]
[Round "5"]
[White "Solozhenkin Evgeniy (RUS)"]
[Black "Maki Veijo (FIN)"]
[Result "1/2-1/2"]
[WhiteElo "2509"]
[BlackElo "2388"]

1.d4 Nf6 2.c4 g6 3.g3 Bg7 4.Bg2 d5 5.cxd5 Nxd5 6.e4 Nb4 7.d5 c6 8.a3 N4a6
9.Ne2 O-O 10.O-O cxd5 11.exd5 Nd7 12.Nbc3 Ne5 13.h3 Nc4 14.b3 Nd6 15.Ra2 Bd7
16.Kh2 Rc8 17.Ne4 Nxe4 18.Bxe4 Nc5 19.Bg2 Bb5 20.a4 Ba6 21.b4 Bc4 22.Rc2 Na6
23.Ba3 b5 24.axb5 Bxb5 25.Rxc8 Qxc8 26.Re1 Qc4 27.Nf4 Qa2 28.Qf3 Bf6 29.Re3
Rd8 30.Ne2 Nc7 31.Nc3 Qa1 32.Qf4 Rd6 33.Qg4 Bd7 34.Qc4 Bxc3 35.Qxc3 Qxc3
36.Rxc3 Nb5 37.Re3 Nxa3 38.Rxa3 a6 39.Rc3 Bb5 40.Rc7 Rd7 41.Rc5 Kg7 42.f4 Kf6
43.g4 h6 44.h4 g5 45.fxg5+ hxg5 46.h5 Rd8 47.Kg3 Rb8 48.Be4 Bd7 49.Rc4 Rc8
50.Rxc8 Bxc8 51.h6 Bd7 52.Bf5 e6 53.dxe6 fxe6 54.Bd3 Bc8 55.Kf3 e5 {#d}
1/2-1/2

[Event "It (cat.12)"]
[Site "masterchessopen.com Griesheim (Germany)"]
[Round "3"]
[White "Grabarczyk Miroslaw (POL)"]
[Black "Ruck Robert (HUN)"]
[Result "1/2-1/2"]
[WhiteElo "2506"]
[BlackElo "2583"]

1.d4 Nf6 2.c4 g6 3.g3 Bg7 4.Bg2 d5 5.cxd5 Nxd5 6.e4 Nb4 7.d5 c6 8.a3 Qa5 9.Nc3
cxd5 10.Be3 d4 11.axb4 Qd8 12.Bd2 dxc3 13.Bxc3 Bxc3+ 14.bxc3 Qc7 15.Ne2 O-O
16.O-O Rd8 17.Qc1 Nc6 18.Nf4 {#d} 1/2-1/2

[Event "Ch Croatia (team)"]
[Site "masterchessopen.com Medulin (Croatia)"]
[Round "4"]
[White "Bukal Vladimir Jr (CRO)"]
[Black "Horvath Jozsef_ (HUN)"]
[Result "1/2-1/2"]
[WhiteElo "2396"]
[BlackElo "2511"]

1.d4 Nf6 2.c4 g6 3.g3 Bg7 4.Bg2 d5 5.cxd5 Nxd5 6.e4 Nb4 7.d5 c6 8.Ne2 cxd5
9.exd5 O-O 10.a3 N4a6 11.Nbc3 Nd7 12.O-O {#d} 1/2-1/2

[Event "It (open)"]
[Site "masterchessopen.com Pardubice (Czech Republic)"]
[Round "8"]
[White "Grabarczyk Miroslaw (POL)"]
[Black "Seger Ruediger (GER)"]
[Result "1/2-1/2"]
[WhiteElo "2506"]
[BlackElo "2416"]

1.d4 Nf6 2.c4 g6 3.g3 Bg7 4.Bg2 d5 5.cxd5 Nxd5 6.e4 Nb4 7.d5 c6 8.a3 Qa5 9.Nc3
cxd5 10.Be3 Nc2+ 11.Qxc2 d4 12.b4 Qc7 13.Bxd4 Bxd4 14.Nge2 Bxc3+ 15.Qxc3 Qxc3+
16.Nxc3 Nc6 17.Nd5 O-O 18.b5 Nd4 19.Nxe7+ Kg7 20.O-O Nxb5 21.Rfb1 Nc3 22.Rb3
Ne2+ 23.Kf1 Nd4 24.Rd3 Ne6 25.e5 Re8 26.Nxc8 Raxc8 27.Bxb7 Nc5 28.Bxc8 Nxd3
29.Ba6 Nc5 30.Bc4 Rxe5 31.Rd1 Re7 32.Rd6 Rc7 33.Ke2 Kf8 34.Ke3 Ke7 35.Rd5 Nd7
36.Bd3 Nc5 37.Bb5 h5 38.f4 Nb7 39.Kd4 Nd6 40.Bd3 Rb7 41.Re5+ Kf6 42.Ra5 Rc7
43.Kd5 Ke7 44.Ra6 Nc8 45.Ke5 Nb6 46.Ra5 Rd7 47.Bb5 Rd5+ 48.Ke4 f5+ 49.Kf3 a6
50.Rxa6 Rxb5 51.a4 Rb3+ 52.Kg2 Kf7 53.Kh3 Kg7 54.Ra7+ Kh6 55.Rb7 Rb4 56.a5 Nd5
57.Rxb4 Nxb4 58.Kh4 Na6 59.Kh3 Kg7 60.Kh4 Kh6 61.Kh3 Nc5 62.Kg2 g5 63.fxg5+
Kxg5 64.Kf3 Na6 65.h3 Nb4 66.Ke3 f4+ 67.gxf4+ Kf5 68.Kf3 h4 69.Ke3 Na6 {#d}
1/2-1/2

[Event "Ch Germany"]
[Site "masterchessopen.com Saarbruecken (Germany)"]
[Round "7"]
[White "Dautov Rustem (GER)"]
[Black "Gutman Lev (GER)"]
[Result "0-1"]
[WhiteElo "2604"]
[BlackElo "2495"]

{ Dautov Rustem (GER) +0 =0 -1 Gutman Lev (GER) +1 =1 -0 } 1.d4 Nf6 2.c4 g6
3.g3 Bg7 ( 3...c6 4.Bg2 d5 5.cxd5 Nxd5 6.e4 Nc7 7.Ne2 Bg7 8.O-O O-O 9.Nbc3 Nd7
10.Be3 e5 11.d5 c5 12.f4 b6 13.Qd2 { ...1/2-1/2, Wiedenkeller Michael(2450) -
Gutman Lev(2535), Lugano 1989 It (open) } ) 4.Bg2 d5 5.cxd5 Nxd5 6.e4 Nb4 7.a3
( 7.d5 O-O 8.Ne2 c6 9.a3 N4a6 10.Nbc3 cxd5 11.exd5 Nd7 12.O-O Ne5 13.h3 Nc4
14.b3 Nd6 15.Be3 Bd7 16.Bd4 Bxd4 { ...0-1, Dautov Rustem(2630) - Hracek
Zbynek(2610), Germany 2001 Bundesliga 2000/01 } ) 7...N4c6 8.d5 Nd4 9.Ne2 { =
-0,09 CAP } ( 9.Nc3 O-O 10.Be3 c5 11.Nge2 e5 12.O-O a5 13.h3 b6 14.f4 Ba6
15.Rf2 Nd7 16.f5 Qe7 17.a4 Rab8 18.Bf1 Rbd8 { ...1/2-1/2, Epishin
Vladimir(2650) - Babula Vlastimil(2515), Brno 1994 It (cat.13) "Barbarela Cup"
} ) 9...Nxe2 { N } ( 9...c5 10.O-O O-O 11.Nxd4 cxd4 12.Nd2 e5 ( 12...Na6 13.b4
Nc7 14.Bb2 Nb5 15.Nb3 e5 16.f4 f5 17.fxe5 Bxe5 18.exf5 Bxf5 19.Qe2 {
...1/2-1/2, Petrosian Arshak B(2480) - Aronian Levon(2390), Yerevan 1996 Ch
Armenia } ) 13.a4 Na6 14.Nc4 f5 15.f3 Bd7 16.f4 fxe4 17.Nxe5 Nc5 18.b4 Nd3
19.Nxd3 { ...1-0, Petrosian Arshak B(2435) - Mirumian Vigen(2415), Yerevan
1995 Ch Armenia } ) ( 9...Bg4 10.Nbc3 Nf3+ 11.Kf1 Nd4 12.h3 Nxe2 13.Nxe2 Bc8
14.Qb3 c6 15.Be3 O-O ( 15...cxd5 16.Qxd5 Qxd5 17.exd5 Bxb2 18.Ra2 Bg7 19.Nd4 {
...1/2-1/2, Computer "Nimzo 8" - Computer "Gandalf 4 32h A1200 ", Cadaques
2001 It (computers) } ) 16.Kg1 b6 17.Kh2 Bb7 18.Rhd1 Qe8 19.Rac1 { ...1-0,
Akopian Vladimir(2625) - Svidler Peter(2635), Haifa 1995 It (cat.14) } ) (
9...O-O 10.O-O c5 11.Nbc3 Bg4 12.f3 Bd7 13.Be3 Qb6 14.Rb1 a5 15.b4 { 1-0,
Zijlstra G - De Vries Sylvia(2150), Netherlands 1991 corr. } ) 10.Qxe2 b6
11.Be3 Ba6 12.Qc2 O-O 13.Nc3 c5 { } ( 13...c6 { !? } 14.f4 cxd5 15.Nxd5 e6 { }
) 14.f4 Bd4 15.Qd2 { } ( 15.Bxd4 { !? } 15...cxd4 16.Na2 Qc8 17.Nb4 { } )
15...e5 { } ( 15...Bxe3 { !? } 16.Qxe3 Nd7 17.e5 Rc8 { } ) 16.dxe6 Nc6
17.exf7+ { } ( 17.e5 { !? } 17...Na5 18.e7 Qxe7 19.Nd5 { } ) 17...Rxf7
18.O-O-O Na5 19.Qf2 Qe8 20.Nd5 Bc4 21.Bxd4 cxd4 22.Kb1 d3 23.b4 Rb8 { } (
23...Qa4 { !? } 24.Ne3 d2 25.Qxd2 Qb3+ { } ) 24.e5 { ? } ( 24.Ne3 { ! }
24...Be6 25.Rxd3 Nc4 26.Nxc4 { } ) 24...Qxe5 25.fxe5 { } ( 25.Rd2 { !? }
25...Qg7 26.bxa5 Rf5 27.Ne3 { } ) 25...Rxf2 26.Nf6+ Kg7 27.Bd5 Rd8 28.bxa5
Bxd5 29.Nxd5 Rxd5 30.axb6 axb6 31.Rhe1 { } ( 31.Rhf1 { !? } 31...Rxh2 32.e6 h5
33.Rf7+ { } ) 31...Re2 32.h4 { } ( 32.Rf1 { !? } 32...Rb5+ 33.Ka1 d2 34.e6 { }
) 32...Rdxe5 { } ( 32...Rb5+ { !? } ) 33.Rf1 R5e3 34.g4 Rh2 35.Rh1 Rxh1
36.Rxh1 Kf6 37.Kc1 Ke5 38.Kd2 Kd4 39.Rb1 Re2+ 40.Kd1 Rh2 41.Rxb6 Rxh4 42.a4 {
} ( 42.Rd6+ { !? } 42...Ke5 43.Rxd3 Rxg4 44.Re3+ { } ) 42...Rh1+ 43.Kd2 Rh2+
44.Kd1 Ra2 45.Rb7 Ke3 46.Re7+ Kf4 47.Rxh7 Rxa4 48.g5 Ra5 49.Rh4+ Ke3 50.Rh3+
Kd4 51.Kd2 Ra2+ 52.Kd1 Kc3 { } {#R} 0-1

[Event "Cup Russia (open)"]
[Site "masterchessopen.com Tula (Russia)"]
[Round "7"]
[White "Bratchenko Alexander (RUS)"]
[Black "Turov Maxim (RUS)"]
[Result "1/2-1/2"]
[WhiteElo "2390"]
[BlackElo "2525"]

1.d4 Nf6 2.c4 g6 3.g3 Bg7 4.Bg2 d5 5.cxd5 Nxd5 6.e4 Nb4 7.a3 N4c6 8.d5 Nd4
9.Nc3 O-O 10.h3 c5 11.Nge2 e5 12.O-O a5 13.Rb1 a4 14.Nxd4 exd4 15.Nxa4 c4
16.f4 Nd7 17.b3 b5 18.Nb2 Qb6 19.Kh2 Nc5 20.a4 c3 21.b4 Na6 22.Nd3 bxa4 23.b5
Bd7 24.Ba3 Bxb5 25.e5 Rfc8 26.Rf2 Rab8 27.d6 Qa5 28.h4 Bd7 29.Bb7 Rxb7 30.Rxb7
Bc6 31.Ra7 {#d} 1/2-1/2

[Event "It (open) (active) (1/4 final)"]
[Site "masterchessopen.com Warsaw (Poland)"]
[Round "6"]
[White "Tregubov Pavel V (RUS)"]
[Black "Krasenkow Michal (POL)"]
[Result "1/2-1/2"]
[WhiteElo "2612"]
[BlackElo "2633"]

{ Tregubov Pavel V (RUS) +0 =2 -0 Krasenkow Michal (POL) +1 =2 -0 } 1.d4 Nf6
2.c4 g6 3.g3 Bg7 4.Bg2 d5 5.cxd5 Nxd5 6.e4 Nb4 7.d5 c6 8.a3 N4a6 ( 8...Qa5
9.Nc3 cxd5 10.Be3 { ? } ( 10.Bf4 N4c6 11.exd5 Nd4 12.Nf3 ( 12.Rc1 O-O 13.Nf3
Bg4 14.h3 Bxf3 15.Bxf3 Qa6 16.Be4 Nd7 17.Be3 Nf5 18.Bxf5 gxf5 19.Qe2 Ne5
20.Qxa6 bxa6 21.Ke2 Nc4 22.Na4 Nxb2 23.Nxb2 Bxb2 24.Rc6 Bxa3 { 1/2-1/2, Karpov
Anatoly 2775 - Anand Viswanathan 2725 , Monte Carlo 1995 It "Melody Amber"
(blindfold) } ) 12...Bg4 13.O-O O-O 14.Re1 Re8 15.Be5 Nxf3+ 16.Bxf3 Bxe5
17.Rxe5 Nd7 18.Re3 Bxf3 19.Qxf3 Rad8 { ...1-0, Korchnoi Viktor(2635) - Djuric
Stefan(2490), Sarajevo 1984 It (cat.12) } ) 10...d4 11.axb4 Qd8 { = } 12.Bd2 (
12.Bxd4 Bxd4 13.Nge2 Bxc3+ 14.Nxc3 Qxd1+ 15.Rxd1 Bg4 16.Rc1 Na6 17.Nd5 Bd7
18.O-O Be6 19.Rfd1 Rd8 20.Bf1 Bxd5 21.exd5 Nxb4 { ...1/2-1/2, Lehmann Heinz
Dr(2420) - Nei Iivo(2495), Beverwijk 1966 It "Hoogovens" } ) ( 12.e5 dxc3
13.Qxd8+ Kxd8 14.bxc3 Bxe5 15.Ne2 Nd7 16.O-O a6 17.Rfd1 Kc7 18.Nf4 Bxf4
19.Bxf4+ e5 20.Be3 f5 21.Ra5 Re8 { ...1-0, Goldin Alexander(2595) - Banas
Jan(2348), Trnava 1989 It (cat.8) "Tirnavia" (b) } ) 12...dxc3 13.Bxc3 { -0,42
CAP N } ( 13.bxc3 O-O 14.Ne2 Nc6 15.b5 ( 15.Nf4 Ne5 16.O-O Nc4 17.Ra2 e6
18.Qe2 Qc7 19.Rc1 Bd7 20.Be3 Nxe3 21.Qxe3 a5 22.Bf1 Rfc8 { ...0-1, Timofeev
Vladimir F(2280) - Simonov Viktor(2315), Arkhangelsk 1996 Ch Russia (1/2
final) } ) 15...Ne5 16.O-O Bg4 17.f3 Qb6+ 18.Kh1 Bd7 19.Nd4 Nc4 20.Bg5 e5
21.Nf5 Bxb5 22.Nxg7 Ne3 { ...1/2-1/2, Bany Jerzy(2450) - Seger Ruediger(2392),
Cologne 1990 It (open) "Porz" } ) 13...Bxc3+ 14.bxc3 Qc7 15.Ne2 O-O 16.O-O e5
17.Qd3 Be6 18.Qe3 Bc4 19.Rfe1 b6 20.f4 f6 21.f5 g5 22.g4 Nc6 23.Ng3 Rad8
24.Bf1 Qf7 25.Rad1 Bxf1 26.Rxf1 Qc4 27.h4 h6 28.hxg5 { ...0-1, Kasimdzhanov
Rustam 2674 - Krasenkow Michal 2662 , Essen 2002 It (cat.16) } ) 9.Nc3 O-O { =
} ( 9...e6 10.Nge2 exd5 11.exd5 cxd5 12.Nxd5 O-O 13.O-O Nc6 14.Nec3 Nc7
15.Nxc7 Qxc7 16.Bf4 Qb6 17.Nd5 Qxb2 18.Rb1 Qa2 19.Nc7 Bf5 20.Nxa8 Bxb1 21.Qxb1
Qxb1 22.Rxb1 Rxa8 23.Rxb7 Nd4 24.Bb8 { 1-0, Solozhenkin Evgeniy 2495 -
Holmsten Aleksei 2422 , Helsinki 2001 It (cat.8) } ) ( 9...cxd5 10.exd5 Nd7
11.Nge2 O-O 12.O-O Ne5 13.h3 Nc4 14.b3 Nd6 15.Bf4 Bd7 16.Rc1 Qa5 17.Nb1 Rfc8
18.Bg5 Rxc1 19.Nxc1 Bf5 20.Bxe7 Nc8 21.d6 Nxe7 22.dxe7 Re8 23.b4 Qc7 24.Nd3
Rxe7 25.Nf4 Rd7 26.Qf3 Nb8 27.Re1 Bxb1 { 1/2-1/2, Zaichik Gennadi 2530 -
Kudrin Sergey 2550 , Philadelphia 1993 It (open) } ) 10.Nf3 ( 10.Nge2 cxd5
11.exd5 Nd7 12.O-O Ne5 13.h3 Nc4 14.b3 Nd6 15.Bf4 Bd7 16.Rc1 Qa5 17.a4 Rfc8
18.Bd2 Qd8 19.g4 Rc7 20.Ng3 Rac8 21.Nce4 Rxc1 22.Bxc1 b5 23.Nxd6 exd6 24.Ne4
bxa4 25.bxa4 Nc5 26.Nxc5 dxc5 27.d6 Bd4 28.Bf4 Qf6 29.Bg3 Rb8 { ...1-0,
Ilincic Zlatko 2521 - Ftacnik Lubomir 2566 , Herceg Novi 2001 Ch Yugoslavia
(team) (1 liga) } ) ( 10.Be3 cxd5 11.exd5 Nd7 { -0.06 CAP } ) 10...cxd5
11.exd5 Nd7 12.O-O Nb6 13.Re1 { +0.00 CAP } ( 13.Bf4 Nc7 14.d6 exd6 15.Qxd6
Ne6 16.Rad1 Bd7 17.Be5 Bc6 18.Qb4 Qc8 19.Bxg7 Kxg7 20.Ne4 Nd5 21.Qc4 Rd8
22.Nd4 Nxd4 23.Rxd4 Nf6 24.Nd6 Qc7 25.Rfd1 Rd7 26.Bxc6 Qxc6 27.Qxc6 bxc6
28.Rc1 Rad8 29.Rxc6 Kf8 30.Nb5 Rxd4 31.Nxd4 Rxd4 32.Rxf6 Rd2 { ...1-0, Goldin
Alexander 2530 - Malisauskas Vidmantas 2390 , Vilnius 1988 Ch URS (young
masters) } ) 13...Re8 { N } ( 13...Nc7 14.Ne5 e6 ( 14...Ne8 15.Bf4 Nd6 16.Qe2
Re8 17.Rad1 Bd7 18.h4 h5 19.Kh2 a6 20.Ne4 Ba4 21.Rd4 Bb5 22.Qf3 Nd7 23.Ng5
Nxe5 24.Bxe5 Bxe5 25.Rxe5 Bd7 26.Re1 Rc8 27.Rf4 Bf5 28.Bh3 Bxh3 29.Kxh3 Rf8
30.Qd3 Qd7+ 31.Kh2 Nf5 32.Re5 Qb5 33.Qb1 { ...0-1, Fedorowicz John P 2535 -
Kudrin Sergey 2570 , Long Beach 1989 Ch USA } ) 15.d6 Ncd5 16.Nxd5 Nxd5
17.Bxd5 Qxd6 18.Nxg6 hxg6 19.Bf3 Qb6 20.Re3 Rd8 21.Rd3 Bd4 22.Be3 e5 23.Bxd4
Rxd4 24.Rxd4 exd4 25.Qd2 Be6 26.h4 Rd8 27.h5 Bd5 28.Bxd5 Rxd5 29.hxg6 Qxg6
30.Rd1 Qg4 31.Qd3 Re5 32.Kg2 Rh5 33.Rh1 { ...1/2-1/2, Ilincic Zlatko 2534 -
Kovacevic Aleksandar 2547 , Banja Koviljaca 2002 Ch Yugoslavia } ) 14.Bg5 h6
15.Bf4 Bg4 16.h3 Bxf3 { ? } ( 16...e5 { !? } 17.hxg4 exf4 18.gxf4 Qf6 { } )
17.Qxf3 Nc4 18.d6 Nxd6 19.Rad1 { } ( 19.Bxd6 { !? } 19...Bxc3 20.bxc3 Qxd6
21.Rad1 { } ) 19...Nc5 20.b4 Ne6 21.Bxd6 exd6 22.Nb5 Re7 23.Nxd6 { ? } (
23.Qd3 { !? } 23...Rd7 24.Bd5 Qf6 25.Qc2 { } ) 23...Nd4 24.Qd5 Rd7 25.Nxb7
Rxd5 26.Nxd8 Raxd8 27.Bxd5 Rxd5 28.Re8+ Kh7 29.Kg2 Rd7 30.a4 Rc7 { } (
30...Rb7 { !? } 31.b5 Bf6 32.Rc8 h5 { } ) 31.Rd8 Rc4 32.Rd7 Rxb4 33.Rxa7 g5
34.Rxf7 { ? } ( 34.a5 { !? } 34...Nc6 35.Ra6 Nd4 36.Ra8 { } ) {#d} 1/2-1/2

[Event "Ch Georgia (juniors) (under 20)"]
[Site "masterchessopen.com Tbilisi (Georgia)"]
[Date "2002.03.19"]
[Round "1"]
[White "Gaprindashvili Valeriane (GEO)"]
[Black "Margishvili Giorgi (GEO)"]
[Result "1-0"]
[WhiteElo "2491"]
[BlackElo "2005"]

1.d4 Nf6 2.c4 g6 3.g3 Bg7 4.Bg2 d5 5.cxd5 Nxd5 6.e4 Nb4 7.d5 c6 8.a3 Qa5 9.Nc3
cxd5 10.Be3 d4 11.axb4 Qd8 12.e5 dxc3 13.Qxd8+ Kxd8 14.bxc3 Bxe5 15.Ne2 Kc7
16.Bxa7 Na6 17.Rxa6 bxa6 18.Bxa8 Bh3 19.Bf3 Rd8 20.Bd4 Bxd4 21.cxd4 Rb8 22.Nf4
Be6 23.Kd2 Rxb4 24.Rc1+ Kd7 25.Nxe6 Kxe6 26.Rc6+ Kf5 27.Kc3 Ra4 28.Bd1 Ra1
29.Bc2+ Kg4 30.Rc7 Re1 31.Kd2 Re6 32.Bb3 Rd6 33.Ke3 Rf6 34.Bd1+ Kh3 35.Rxe7
Kg2 36.d5 Kxh2 37.Bf3 g5 38.Rb7 g4 39.Be4 {#r} 1-0

[Event "It (cat.8)"]
[Site "masterchessopen.com Budapest (Hungary)"]
[Round "4"]
[White "Horvath Peter_ (HUN)"]
[Black "Szeberenyi Adam (HUN)"]
[Result "1-0"]
[WhiteElo "2477"]
[BlackElo "2366"]

1.d4 Nf6 2.c4 g6 3.g3 Bg7 4.Bg2 d5 5.cxd5 Nxd5 6.e4 Nb4 7.a3 N4c6 8.d5 Nd4
9.Ne2 c5 10.O-O O-O 11.Nxd4 cxd4 12.Nd2 Na6 13.b4 Qb6 14.Bb2 Nc7 15.Nc4 Qa6
16.Qd3 e5 17.f4 Bd7 18.fxe5 Bb5 19.Rfc1 Rac8 20.a4 Bxc4 21.Rxc4 Bxe5 22.b5 Qb6
23.Rac1 a6 24.Bxd4 Bxd4+ 25.Qxd4 Nxd5 26.Qxb6 Nxb6 27.Rxc8 Rxc8 28.Rxc8+ Nxc8
29.e5 axb5 30.a5 b6 31.a6 Kf8 32.Kf2 Ke7 33.Bd5 f6 34.e6 Kd6 35.Ke2 Na7 36.Kd3
Nc8 37.Kc2 Na7 38.Kb2 Nc8 39.Kb3 Na7 40.Kb4 Ke7 41.g4 Kd6 42.Ba2 Ke7 43.h4 h6
44.h5 gxh5 45.gxh5 Kd6 46.Bd5 Kc7 47.Kc3 Nc8 48.Kb4 Na7 49.Kb3 Kd6 50.Kc2 Ke7
51.Kd3 f5 52.Ke3 Kf6 53.Kf4 Nc8 54.Ba2 b4 55.Bb3 b5 56.Ba2 Na7 57.e7 Kxe7
58.Kxf5 Kd6 {#r} 1-0